000 00373nam a22001337a 4500
999 _c4040
_d234544
022 _a03267431
080 _a341.1/8 D 444
245 _aDerecho Internacional Público
260 _aBuenos Aires
_bAbeledo Perrot
_c2012
300 _a533 p.
650 _xDerecho Internacional publico
_xDerecho Internacional humanitario
_xrefugiados
945 _asa
_d2015-06-16